| 000 | 00510nam a2200193Ia 4500 | ||
|---|---|---|---|
| 008 | 131103s9999 xx 000 0 und d | ||
| 020 | _cRs.15 | ||
| 040 | _aLoreto College | ||
| 041 | _aEnglish | ||
| 082 |
_a613/SHA _bLCBED/10538 |
||
| 100 | _aShaida, B.D. | ||
| 245 |
_aHealth and physical education _cB.D.Shaida |
||
| 260 |
_aNew Delhi _bArya book _c1981 |
||
| 300 |
_a194p. _c 22cm. |
||
| 650 | _aHelth & hygiene | ||
| 651 | _aHealth and physical education | ||
| 850 | _aLCBED/613/SHA | ||
| 942 | _cBK | ||
| 999 |
_c29722 _d80201 |
||